000 00271nam a22001097a 4500
082 _a542.2 CAT'G
100 _aGRIFFIN,GEORGE
_959589
245 _aA CATALOGUE OF MODERN LABORATORY EQUIPMENT
260 _aENGLAND
_bGRIFFIN & GEORGE
_c1962
300 _aE116P
942 _cBK
999 _c569529
_d569529